000 00388 a2200157 4500
001 192919
020 _a978-85-16-10306-4
040 _cMagnum
100 _aCarrasco, Walcyr
240 1 0 _aO golpe do aniversariante e outras crônicas
_lpor
245 1 0 _aO golpe do aniversariante e outras crônicas
300 _a111
362 0 _a2016
697 _aLITERATURA JUVENIL
942 _cBK
999 _c192919
_d192919